000 00434pab a2200169 454500
008 180718b2002 xxu||||| |||| 00| 0 eng d
100 _aKincaid, John
245 _aIssues of federalism in response to terrorism
260 _c2002
300 _ap.181-92.
362 _aSep
650 _aTerrorism - United States
650 _aTerrorism
700 _aCole, Richard L.
773 _aPublic Administration Review
909 _a54999
999 _c54999
_d54999